000 00485nam a2200169Ia 4500
999 _c28122
_d28122
003 OSt
005 20201202120909.0
008 190216s9999||||xx |||||||||||||| ||und||
040 _coclc
082 _a894.8123
_bRAD/A
100 _aRadhakrishnan, Kiliroor
_96842
245 0 _aArathi /
_cKiliroor Radhakrishnan
260 _bPoorna Publications,
_aKozhikode:
_c1999.
300 _a114p
650 _aNovel
942 _cBK
_2ddc
_h894.8123
_iRAD/A
_k894.8123
_mRAD/A